000 00480nam a2200193Ia 4500
005 20240823012604.0
008 240823s9999||||xx |||||||||||||| ||und||
020 _a0-07-462099-1
041 _aENGLISH
082 _A621.3 N6
100 _aBhattachary S K
245 0 _aElectrical Technology for Engineering sevices Examination
250 _a1st
260 _c1996
_bTMH New D
500 _aYES
650 _aElectrical Engg.
_bElectrical
942 _cBK
999 _c164838
_d164838